000 004500000a22001690004500
041 0 _aSPA
082 0 4 _aG 335.4 P3937c
100 1 _aPelypenko, Alejo
245 1 0 _aConspiración comunista en la América Latina / Alejo Pelypenko
260 _aBuenos Aires, Argentina : [S:N]
300 _a334 Pag
001 9848
942 _cBK
999 _c39690
_d39690
336 _atexto
_btxt
_2rdacontent
337 _2rdamedia
_asin mediación
_bn
338 _2rdacarrier
_avolumen
_bnc